00535nam a22001817a 450000500170000001000150001702000260003202000230005803500130008103700130009408200110010710000180011824500790013626000340021527000640024930000210031350000190033420130605121513.0 aENG-107521 a9788170946793c395.00 a8170946794c395.00 aEN-91054 bDBAD/PUB a658.15 aYasaswy, N.J. aFinance and profits :cby N.J. Yasaswybguide for non-financial managers / aNew DelhibVision Booksc2009 a24, Feroze Gandhi Road, Lajpat Nagar-IIIbNew Delhie110024 a456p.c22cm(pbk) aIncludes index